Ausländerstatistik Fürstentum Liechtenstein 30. April 1989

Uložené v:
Podrobná bibliografia
Médium: Kniha
Jazyk:German
Vydavateľské údaje: Vaduz Amt für Volkswirtschaft 1989
Tagy: Pridať tag
Žiadne tagy, Buďte prvý, kto otaguje tento záznam!

MARC

LEADER 00000nam a2200000 4500
001 c035910
005 20251217122607.9
041 0 |a ger 
044 |a LI 
245 1 0 |a Ausländerstatistik Fürstentum Liechtenstein  |b 30. April 1989 
264 1 |a Vaduz  |b Amt für Volkswirtschaft  |c 1989 
300 |a 62 s.